000 01231nam a2200265 a 4500
001 79664
003 BD-RjUL
005 20220404142326.0
008 220404s2017 bg ||||| |||| 00| 0 ben d
035 _a(BD-RjUL)79664
040 _aBD-RjUL
_beng
_cBD-RjUL
041 _aben
082 _223
_a378.1981095492
_bHOA 2017
100 _aহোসাইন, এস এম জাকির
_92252
245 _aআন্দোলন-সংগ্রামে বাংলাদেশ ছাত্রলীগ /
_cএস এম জাকির হোসাইন
260 _aঢাকা :
_bঅন্বেষা প্রকাশন,
_c২০১৭
300 _a১৭৩ পৃ.;
_c২২ সেমি.
650 _aছাত্র
_xরাজনৈতিক কার্যকলাপ
_zবাংলাদেশ
_92253
650 _aStudents
_xPolitical activity
_zBangaldesh
_92254
650 _aছাত্র আন্দোলন
_92255
650 _aStudent movements
_92256
651 _aবালাদেশ ছাত্রলীগ
_xরাজনৈতিক কার্যকলাপ
_xইতিহাস
_92257
651 _aBaladesh Chhatra League
_xPolitical Activities
_xHistory.
_92258
942 _2ddc
_cBK
999 _c79664
_d79664